000 00539nam a2200181 4500
001 118410
003 ES-MaACL
005 20230906191107.0
007 t|
008 070214s1944 ag r ||||1| spa d
100 1 _aPérez, Manuel Luis.
_990598
245 1 0 _aTricomoniosis vaginal /
_cManuel Luis Pérez , Oscar Blanchard.
250 _a[1ª ed.].
260 _aBuenos Aires :
_bEl Ateneo,
_c1944.
300 _a173 p. 6 lám. en col. :
_bil ;
_c25 cm.
700 1 _aBlanchard, Oscar.
_929140
852 _aES-MaACL
_jB-12676
_bR.28709
999 _c118410
_d118410